Entreacte(s) : dramatúrgia catalana breu / dramatúrgia catalana breu /
ISBN:
9788410161313
Descripción Física:
269 pàgines ; 14 cm
Descripción:
"Hem convocat vint-i-cinc signatures per celebrar el bon moment de la dramatúrgia catalana d'aquest primer quart del segle XXI. A partir de la iniciativa de la revista "Entreacte", recuperem un format sovint oblidat com és el del teatre breu i recollim les peces que han escrit ex...
Colección:
Dramaticles. Antologies dramàtiques
; 13
Otros Autores:
Pérez, Manuel, 1981-
,
Cunillé, Lluïsa, 1961-
,
Miró Coromina, Josep Maria, 1977-
,
Szpunberg, Victòria, 1973-
,
Rosich, Marc, 1973-
,
Clemente Gálvez, Cristina, 1977-
,
Casanovas, Jordi, 1978-
,
Clua, Guillem, 1973-
,
Miró, Pau, 1974-
,
Tornero, Helena, 1973-
,
Duncan, Denise, 1979-
,
Garcia, Llàtzer
,
Feixas, Daniela, 1973-
,
Riera, Pere, 1974-
,
Aran, Marta, 1984-
,
Ricart Codina, Anna Maria, 1968-
,
Artigau i Queralt, Marc, 1984-
,
Prat i Coll, Jordi, 1975-
,
Díez Quintanilla, Lara, 1985-
,
Sarrias, Mercè, 1966-
,
Manzanares, Eu
,
Galceran, Jordi, 1964-
,
Riera, Queralt, 1978-
,
Buchaca, Marta, 1979-
,
Plana, David, 1969-
,
Benet i Jornet, Josep M., 1940-2020
Idioma:
Catalán
MARC
| LEADER | 00000cam a2200000 i 4500 | ||
|---|---|---|---|
| 001 | 28904 | ||
| 003 | AGDB | ||
| 005 | 20260324181532.0 | ||
| 008 | 250328e202410 spc |||| |||||0|| d cat|c | ||
| 015 | |a LL2025 |2 bnc | ||
| 017 | |a B 18569-2024 |b Biblioteca de Catalunya | ||
| 020 | |a 9788410161313 | ||
| 020 | |a 9788410278189 | ||
| 040 | |a ES-BaIT |b cat |e rda |c ES-BaIT |d ES-BaBC | ||
| 080 | |a 849.9-25"19/20" | ||
| 080 | |a 821.134.1-2 |x "20" |x (082.2) |2 2004 | ||
| 245 | 0 | 0 | |a Entreacte(s) : |b dramatúrgia catalana breu / |c pròleg de Manuel Pérez i Muñoz ; [et al] |
| 246 | 1 | 0 | |a Dramatúrgia catalana breu |
| 250 | |a Primera edició | ||
| 264 | 1 | |a Barcelona : |b Comanegra : |b Institut del Teatre, Diputació de Barcelona, |c octubre del 2024 | |
| 300 | |a 269 pàgines ; |c 14 cm | ||
| 336 | |a text |b txt |2 rdacontent | ||
| 337 | |a sense mediació |b n |2 rdamedia | ||
| 338 | |a volum |b nc |2 rdacarrier | ||
| 490 | 1 | |a Dramaticles. Antologies dramàtiques ; |v 13 | |
| 520 | |a "Hem convocat vint-i-cinc signatures per celebrar el bon moment de la dramatúrgia catalana d'aquest primer quart del segle XXI. A partir de la iniciativa de la revista "Entreacte", recuperem un format sovint oblidat com és el del teatre breu i recollim les peces que han escrit expressament per a l'ocasió algunes de les veus mes destacades de la cartellera actual juntament amb una obra de Josep Maria Benet i Jornet, que tanca el volum a tall d'homenatge. El conjunt dels textos, plantejats amb plena llibertat temàtica i d'estil, constitueix un retrat heterogeni que fa d'aquest llibre un compendi únic de dramatúrgia catalana contemporània."-- Pàgina 4 de la coberta | ||
| 700 | 1 | 2 | |a Pérez, Manuel, |d 1981- |e escriptor d'un pròleg |
| 700 | 1 | 2 | |a Cunillé, Lluïsa, |d 1961- |t Parc. |
| 700 | 1 | 2 | |a Miró Coromina, Josep Maria, |d 1977- |t Telegrama |
| 700 | 1 | 2 | |a Szpunberg, Victòria, |d 1973- |t Ball de la Mia Wallace |
| 700 | 1 | 2 | |a Rosich, Marc, |d 1973- |t Diana |
| 700 | 1 | 2 | |a Clemente Gálvez, Cristina, |d 1977- |t Patchwork |
| 700 | 1 | 2 | |a Casanovas, Jordi, |d 1978- |t Catalans welcome |
| 700 | 1 | 2 | |a Clua, Guillem, |d 1973- |t Rosa de foc |
| 700 | 1 | 2 | |a Miró, Pau, |d 1974- |t Carnisseria |
| 700 | 1 | 2 | |a Tornero, Helena, |d 1973- |t Ficcions |
| 700 | 1 | 2 | |a Duncan, Denise, |d 1979- |t Fins que escampi |
| 700 | 1 | 2 | |a Garcia, Llàtzer. |t Una cervesa amb ell |
| 700 | 1 | 2 | |a Feixas, Daniela, |d 1973- |t Amor en temps tristos |
| 700 | 1 | 2 | |a Riera, Pere, |d 1974- |t Restes |
| 700 | 1 | 2 | |a Aran, Marta, |d 1984- |t Potser volies dir |
| 700 | 1 | 2 | |a Ricart Codina, Anna Maria, |d 1968- |t Dues maneres de deixar la teva parella mentre ets a la platja |
| 700 | 1 | 2 | |a Artigau i Queralt, Marc, |d 1984- |t Altres |
| 700 | 1 | 2 | |a Prat i Coll, Jordi, |d 1975- |t Una veu |
| 700 | 1 | 2 | |a Díez Quintanilla, Lara, |d 1985- |t Mary |
| 700 | 1 | 2 | |a Sarrias, Mercè, |d 1966- |t Tutorial d'ukelele |
| 700 | 1 | 2 | |a Manzanares, Eu. |t Pena |
| 700 | 1 | 2 | |a Galceran, Jordi, |d 1964- |t Caritat |
| 700 | 1 | 2 | |a Riera, Queralt, |d 1978- |t Poliedre redux |
| 700 | 1 | 2 | |a Buchaca, Marta, |d 1979- |t Professor |
| 700 | 1 | 2 | |a Plana, David, |d 1969- |t Perduts |
| 700 | 1 | 2 | |a Benet i Jornet, Josep M., |d 1940-2020. |t Tovalloles a la platja |
| 830 | 0 | |a Dramaticles. |p Antologies dramàtiques ; |v 13 |9 53717 | |
| 908 | |a CDMAE |a BC |a UB | ||
| 940 | |a CDMAE | ||
| 942 | |2 udc |c ARXIU |n 1 | ||
| 952 | |0 0 |1 0 |4 0 |6 BIB1298 |7 1 |9 98172 |a Arxiu |b Arxiu |d 2025-06-16 |l 0 |o Bib-1298 |p 28904 |r 2025-06-16 00:00:00 |w 2025-06-16 |y ARXIU | ||
| 999 | |c 129950 |d 129950 | ||